• 首页
  • 本馆介绍
  • 公告通知
  • 最新文献
  • 馆藏检索
  • 电子资源
  • 读者导购
  • 参考咨询
  • 我的图书馆
  • 登录
  • 详细信息显示
  • 放入我的书架
  • 预约/预借图书
  • 作者相关作品
  • 分类相关作品
  • 丛书相关作品
  • 出版社相关作品

书目信息

  • 表格格式
  • 工作单格式
  • 卡片格式
题名:
计算机应用案例教程
    
 
作者: 付勤 主编
分册:  
出版信息: 北京   人民邮电出版社  2014.10
页数: 144页
开本: 26cm
丛书名:
单 册:
中图分类: TP3 , TP317.1
科图分类:
主题词: Windows操作系统--Windowscao zuo xi tong--高等职业教育--教材 , 办公自动化--ban gong zi dong hua--应用软件--高等职业教育--教材
电子资源:
ISBN: 978-7-115-36359-6
000 01132nam0 2200253 450
001 0106081916
005 20201106082048.0
010    @a978-7-115-36359-6@dCNY39.80
100    @a20150712e20192014em y0chiy50 ea
101 0  @achi
102    @aCN@b110000
105    @aa z 000yy
106    @ar
200 1  @a计算机应用案例教程@Aji suan ji ying yong an li jiao cheng@e国家一级考试Windows 7+Office 2010@f付勤主编
210    @a北京@c人民邮电出版社@d2014.10@h2019.01
215    @a144页@c图@d26cm
330    @a全书共分5章,第一章主要讲述计算机及计算机网络基础知识,包括计算机的基础应用,以计算机系统构成为主线,介绍计算机的硬件和软件知识,以及计算机网络的相关知识;第二章讲述WINdows7的操作应用和Internet的实际应用;第三、四、五章以MicrosoftOffice2010为平台,讲述办公自动化软件(Word、Excel、PowerPoint)的基本概念、使用方法及应用案例。
606 0  @aWindows操作系统@AWindowscao zuo xi tong@x高等职业教育@j教材
606 0  @a办公自动化@Aban gong zi dong hua@x应用软件@x高等职业教育@j教材
690    @aTP3@v5
690    @aTP317.1@v5
701  0 @a付勤@Afu qin@4主编
801  0 @aCN@bBJSZM@c20201106
905    @b1194496-9@dTP3@e1129@f4
    
    计算机应用案例教程:国家一级考试Windows 7+Office 2010/付勤主编.-北京:人民邮电出版社,2014.10(2019.01)
    144页:图;26cm
    
    
    ISBN 978-7-115-36359-6:CNY39.80
    全书共分5章,第一章主要讲述计算机及计算机网络基础知识,包括计算机的基础应用,以计算机系统构成为主线,介绍计算机的硬件和软件知识,以及计算机网络的相关知识;第二章讲述WINdows7的操作应用和Internet的实际应用;第三、四、五章以MicrosoftOffice2010为平台,讲述办公自动化软件(Word、Excel、PowerPoint)的基本概念、使用方法及应用案例。
●
相关链接 在E读中查询图书 在五车中查询图书 在当当中查询图书 在豆瓣中查询图书


正题名:计算机应用案例教程     索取号:TP3/1129         预约/预借

序号 登录号 条形码 馆藏地/架位号 状态 备注
1 1194496   211944967   第二样本阅览室/ [索取号:TP3/1129] 在馆    
2 1194497   211944976   第三借阅区/ [索取号:TP3/1129] 在馆    
3 1194498   211944985   第三借阅区/ [索取号:TP3/1129] 在馆    
4 1194499   211944994   第三借阅区/ [索取号:TP3/1129] 在馆    
唐山师范学院图书馆 欢迎您!
大连网信软件有限公司© 版权所有